000 01006nas a2200289 4500
001 BR8400090
003 BR-BrBNA
005 20231205085741.0
007 ta
008 230509b bl.|||p| |||| 00| 00por d
040 _aBR-BrBNA
_bpor
_cBiblioteca Nacional de Agricultura
041 _a(Pt)
072 _aL72; L73
100 1 _aKessler, R.H.
100 1 _aMadruga, C.R.
100 1 _aSchenk, M.A.M.
100 1 _aRibeiro, O.C.
245 1 _aBabesiose cerebral por Babesia bovis (Babes 1888 Starcovici 1893)em bezerros, no estado de Mato Grosso do Sul [Brasil]
246 1 _aCerebral babesiosis caused by Babesia bovis (Babes 1888 Starcovici 1893)in calves in the state of Mato Gorsso do Sul [Brazil]
650 _aBOVINO
650 _aBABESIOSE
650 _aBEZERRO
650 _aMATO GROSSO DO SUL
773 0 _tPesquisa Agropecuaria Brasileira (Brazil)
_xISSN 0100-204X
_g(Aug 1983), v. 18(8) p. 931-935
_wBR8400090
909 _a202311
_bLúcia
_c55
_dLúcia Elande
942 _2AGRIS
_n0
_cANA
999 _c113552
_d113552